241209 - Quiz quotidien du 9 décembre 2024 - Statistiques

Statistiques générales
  • Ce quiz a été pris 38 fois
  • Le résultat moyen est 7 sur 10
Statistiques - réponses
Question Réponse % Correct
Lequel de ces logiciels ne fait pas partie de Microsoft Office ? Advance
100%
Comment Kobe Bryant est-il mort ? Crash d'hélicoptère
100%
Que mangent typiquement les koalas ? Feuilles d'eucalyptus
100%
Quel bijou était recherché dans le film *Titanic* de 1997 ? Le Cœur de l'Océan
100%
Lequel des pays suivants ne faisait PAS partie de l'Union soviétique ? Pologne
100%
Lequel de ces pays peut être frappé par un "typhon" ? (Les typhons sont des cyclones tropicaux qui se forment dans le nord-ouest de l'océan Pacifique) Taïwan
75%
Quel mur les Romains ont-ils construit dans le nord de l'Angleterre ? Mur d'Hadrien
50%
Quel est le 118e et plus lourd élément du tableau périodique ? Oganesson
25%
Comment est plus communément connue la constellation Crux ? La Croix du Sud
0%
Lequel de ces concepts n'a PAS été proposé par Freud ? La hiérarchie des besoins
0%
Aucun quiz correspondant
Distribution des résultats
% des personnes avec chaque résultat
Percentile par nombre de réponses
Votre historique - résultats
Vous n’avez pas pris ce quiz